000 00251nam a2200097Ia 4500
001 684943
005 20250826161508.0
008 250824s9999 xx 000 0 und d
245 0 _aŞİİRLER/A.M.DIRANAS/EVEREST
_cAHMET MUHİP DIRANAS
260 _bEVEREST
999 _c684943
_d684943